| 000 | 00639nam a22001817a 4500 | ||
|---|---|---|---|
| 999 |
_c190778 _d190778 |
||
| 005 | 20220804155249.0 | ||
| 010 | _aENG-134266 | ||
| 020 |
_a9788187392989 _c695.00 |
||
| 035 | _aEN-117798 | ||
| 037 | _bDBAD/PUB | ||
| 082 | _a338.91095461 | ||
| 100 | _aMalla, Govinda | ||
| 245 |
_aPolitics of Foreign Aid in Nepal, 1951-1980: _bA Study of Development Assistance from India, China, USA and USSR/ _cGovinda Malla |
||
| 260 |
_aNew Delhi _bAdroit Publishers _c2012 |
||
| 270 |
_a4675/21, Ganpati Bhawan, Ansari Road, Daryaganj _bNew Delhi _e110002 |
||
| 300 |
_axii, 268p. _c23cm(hb) |
||
| 942 |
_2ddc _cEN _h324.254802 _mMAL |
||